Afrikaans Words: Nature Words - Statistics

General Stats
  • This quiz has been taken 36 times
  • The average score is 25 of 49
Answer Stats
English Word Afrikaans word % Correct
Water Water
91%
Grass Gras
87%
Flower Blom
83%
Ground Grond
83%
Roses Rose
83%
Flowers Blomme
78%
Tree Boom
78%
Nature Natuur
78%
River Rivier
78%
Rivers Riviere
74%
Rose Roos
74%
Star Ster
74%
Stars Sterre
74%
Earth Aarde
70%
Mountain Berg
70%
Mountains Berge
70%
Fire Vuur
65%
Trees Bome
61%
Fires Vure
61%
Sky Lug
57%
Skies Lug
57%
Flame Vlam
57%
Flames Vlamme
57%
Leaf Blaar
52%
Leaves Blare
52%
Stone Klip
52%
Stones Klippe
52%
Mud Modder
52%
Branch Tak
52%
Branches Takke
52%
Bushes Bosse
48%
Valleys Valleie
48%
Lake Meer
43%
Lakes Mere
43%
Muddy Modderig
43%
Valley Vallei
43%
Dirty Vuil
39%
Rock Rots
26%
Rocks Rotse
26%
Hill Heuwel
22%
Hills Heuwels
22%
Bush Bossie
17%
Puddle Plas
17%
Puddles Plasse
17%
Petal Blomblaar
9%
Petals Blomblare
9%
Cliff Krans
4%
Cliffs Kranse
4%
Dirt Vuilheid
4%
No matching quizzes found
Score Distribution
Percent of People with Each Score
Percentile by Number Answered
Your Score History
You have not taken this quiz